Celebrity Quiz - Statistics

General Stats
  • This quiz has been taken 28 times
  • The average score is 12 of 15
Answer Stats
Picture Answer % Correct
Justin Bieber
100%
Neil Armstrong
100%
Tom Hanks
100%
Dwayne Johnson
92%
Tom Cruise
92%
Taylor Swift
88%
Bill Gates
85%
Chris Hemsworth
85%
Mark Zuckerburg
85%
Brad Pitt
81%
Selena Gomez
77%
Bradley Cooper
73%
Michael Jordan
69%
Chris Pratt
46%
Alexander
38%
No matching quizzes found
Score Distribution
Percent of People with Each Score
Percentile by Number Answered
Your Score History
You have not taken this quiz